000 00754nam a2200241 i 4500
001 bg
100 1 _aPIOTRKOWSKI, Kazimierz
245 1 0 _aOrganizacja i zarządzanie /
_cKazimierz Piotrkowski.
260 _aWarszawa :
_bWyższa Szkoła Ekonomiczna,
_c2001.
300 _a281 s. :
_bil. ;
_c24 cm.
504 _aBibliogr.
650 9 _aOrganizacja
650 9 _aZarządzanie
655 _aPodręczniki akademickie
020 _a8386990082
040 _cBPK
041 0 _apol
080 _a65.012(075.8)
920 _a83-86990-08-2
942 _cKS
008 s pl f |000 0 pol
999 _c43660
_d43660
856 _uhttp://koha.tu.koszalin.pl/cgi-bin/koha/opac-detail.pl?biblionumber=43660
_yKatalog online BPK